[Десет] 10 години Научноизследователски и проекто-конструкторски институт по селскостопанско машиностроене /НИПКИССМ/ - 1963-1973 - Русе (Запис номер 167420)
[ съкратено ]
| 000 -Лидер | |
|---|---|
| Контролно поле с фиксирана дължина | 01673nam a2200349 c 4500 |
| 003 - Код на организацията, давaща контролен номер | |
| Контролно поле | BLK |
| 005 - Дата и час на последна редакция | |
| Контролно поле | 20220210135822.0 |
| 008 - Елементи от данни с фиксирана дължина | |
| fixed length control field | 180411b bul|||||r ||||||| ||bul|| |
| 010 ## - Наследен системен номер | |
| LC control number | KNG00175227000 |
| 040 ## - Източник на каталожния запис | |
| Идентификатор на билиотеката - собственик на записа | BLK |
| 041 ## - Код за език | |
| Код за езика на текст/звукозапис или на отделно заглавие | Български |
| Код за езика КДБФ | Български |
| 072 #7 - Код за тематичната категория | |
| Код организация | bullib |
| Код за тематична категория | К |
| Текст | Краезнание |
| 080 ## - УДК | |
| Текстов определител УДК | Селскостопански машини и инструменти. Селскостопанско машиностроене |
| УДК код - определител по УДК | 631.3 |
| УДК определител | (497.215) |
| УДК - код + определител | 631.3(497.215) |
| 139 ## - Редно поле | |
| Редна дума | [Десет] 10 години Научно-изследователски и проекто-конструкторски институт по селскостопанско машиностроене /НИПКИССМ/ - 1963-1973 - Русе |
| Авторски знак | Дес - Д 45 |
| 245 10 - Сведения за заглавието | |
| Заглавие | [Десет] 10 години Научноизследователски и проекто-конструкторски институт по селскостопанско машиностроене /НИПКИССМ/ - 1963-1973 - Русе |
| Подзаглавни данни | Юбил. албум |
| 257 ## - Страна на издаване | |
| Страна на създаване/издаване | България |
| 260 ## - Област на издателските данни | |
| Име на издателя, разпространителя и проч. | Торграфик |
| Година на издаване | 1973 |
| 300 ## - Физическа характеристика | |
| Страници | 156 с. |
| Размери/Мащаб | 16 см |
| 380 ## - Жанр | |
| Жанр | Селско стопанство |
| 500 ## - Общи забележки | |
| Забележка | 2 200 тир. |
| 650 #4 - Допълнително описание по предмет – тема | |
| Основно описание – тема или топоним | Селскостопански машини и оръдия - проектиране |
| 9 (RLIN) | 277363 |
| 651 #4 - Допълнително описание по предмет - топоним | |
| Географско понятие | Русе |
| 9 (RLIN) | 179462 |
| 653 ## - Ключова дума – ненормативна | |
| Ключова дума | научноизследователски институти |
| 653 ## - Ключова дума – ненормативна | |
| Ключова дума | селскостопански машини |
| 653 ## - Ключова дума – ненормативна | |
| Ключова дума | проектиране |
| 659 ## - Тематичен бюлетин | |
| Тематичен бюлетин | К |
| 852 ## - Местоположение | |
| Форматна сигнатура | Цб І 14175 |
| 852 ## - Местоположение | |
| Форматна сигнатура | К 63/Д 45 |
| 856 4# - Електронен адрес и достъп | |
| Електронен формат | pdf - файл |
| 856 4# - Електронен адрес и достъп | |
| Електронен формат | pdf - файл |
| 999 ## - СИСТЕМНИ КОНТРОЛНИ НОМЕРА | |
| Koha biblionumber | 167420 |
| Koha biblioitemnumber | 167420 |
| 942 ## - АРТИКУЛИ | |
| Вид на библиотечния материал | Книги |
| Скрит в OPAC | Не |
| Периодичен библиозапис | Да |
| 944 ## - СЪЗДАВАНЕ И РЕДАКЦИЯ на ЗАПИСА | |
| Създаване/Редакция | Създаване |
| Дата на регистрацията/редакция | 14.05.2015 |
| Служител, извършил регистрацията/редакцията | Валя_Йорданова |
| 944 ## - СЪЗДАВАНЕ И РЕДАКЦИЯ на ЗАПИСА | |
| Създаване/Редакция | Редакция |
| Дата на регистрацията/редакция | 15.05.2015 |
| Служител, извършил регистрацията/редакцията | Валя_Йорданова |
| 999 ## - СИСТЕМНИ КОНТРОЛНИ НОМЕРА | |
| Koha biblioitemnumber | 167420 |
| Код за отписване | Код за изгубен артикул | Източник на класификационната схема | Код за повреда | Коз за рестрикции | Код за отдаване | Артикулен № | Име на библиотеката - собственик | Име на библиотеката, в която се намира в момента | Статус (Текущо местоположение) | Дата на вписване в системата | Местоположение - отдел | Цена в лева | Инвентарен номер | Систематично азбучна сигнатура | Баркод | Номер на екземпляра | Цена в евро | Служебна бележка | Служебен тип на артикула |
|---|---|---|---|---|---|---|---|---|---|---|---|---|---|---|---|---|---|---|---|
| Не е изгубен | Universal Decimal Classification | Не е повреден | без рестрикции | ползва се в читалня | 282001 | Регионална библиотека "Любен Каравелов" Русе | Регионална библиотека "Любен Каравелов" Русе | Краезнание | 1973-01-01 | Краезнание | 0.75 | 166511 | К 63/Д 45 | 120000166511 | 1 | 0.38 | N: Сф Дата: 01.01.1973 Дата инв: 10.11.2017 Бележки инв: К2017 | Книги |